000 00806cam a2200217 i 4500
005 20251108175202.0
008 250721s2014 jp gr 000 0 ara d
020 _a9789957742485
082 1 4 _a133
_bح ج ا
100 1 _aحجازي، احمد توفيق
_eمؤلف.
245 1 0 _aالحاسة السادسة :
_bرحلة في عمق وعينا الكوني /
_cالصيدلاني الدكتور أحمد توفيق حجازي.
246 1 1 _athe sixth sense E . S . P.
250 _aالطبعة الاولى.
264 1 _aعمان :
_bدار كنوز المعرفة العلمية للنشر و التوزيع،
_c2013.
300 _a191صفحة.
650 1 7 _aعلم النفس.
650 1 7 _aالخيال.
650 1 7 _aالحدس.
942 _2ddc
_cBK
999 _c128188
_d128188